<?xml version="1.0" encoding="UTF-8"?>
<collection xmlns="http://www.loc.gov/MARC21/slim">
 <record>
  <leader>01132nam a2200277   4500</leader>
  <controlfield tag="001">000014824</controlfield>
  <controlfield tag="003">11194</controlfield>
  <controlfield tag="005">20150812150849.0</controlfield>
  <controlfield tag="008">120515s1995                           sd</controlfield>
  <datafield tag="082" ind1="1" ind2=" ">
   <subfield code="a">398.809597</subfield>
   <subfield code="b">NG-K</subfield>
  </datafield>
  <datafield tag="100" ind1="0" ind2=" ">
   <subfield code="a">Nguyễn Xuân Kính</subfield>
  </datafield>
  <datafield tag="245" ind1="0" ind2="0">
   <subfield code="a">Kho tàng ca dao người Việt</subfield>
   <subfield code="c">Chủ biên: Nguyễn Xuân Kính, Phan Đăng Nhật</subfield>
  </datafield>
  <datafield tag="260" ind1=" " ind2=" ">
   <subfield code="a">H.</subfield>
   <subfield code="b">Nxb. Văn hóa Thông tin</subfield>
   <subfield code="c">1995</subfield>
  </datafield>
  <datafield tag="300" ind1=" " ind2=" ">
   <subfield code="a">4 tập</subfield>
  </datafield>
  <datafield tag="774" ind1=" " ind2=" ">
   <subfield code="a">Nguyễn Xuân Kính</subfield>
   <subfield code="d">Nxb. Văn hóa Thông tin</subfield>
   <subfield code="d">H.</subfield>
   <subfield code="d">1995</subfield>
   <subfield code="g">Tập 1</subfield>
   <subfield code="h">712tr.</subfield>
   <subfield code="t">Từ A đến D</subfield>
   <subfield code="w">11195</subfield>
  </datafield>
  <datafield tag="774" ind1=" " ind2=" ">
   <subfield code="a">Nguyễn Xuân Kính</subfield>
   <subfield code="d">Nxb. Văn hóa Thông tin</subfield>
   <subfield code="d">H.</subfield>
   <subfield code="d">1995</subfield>
   <subfield code="g">Tập 4</subfield>
   <subfield code="h">trang 2397 - 2777</subfield>
   <subfield code="t">Tra cứu</subfield>
   <subfield code="w">11198</subfield>
  </datafield>
  <datafield tag="774" ind1=" " ind2=" ">
   <subfield code="a">Nguyễn Xuân Kính</subfield>
   <subfield code="d">Nxb. Văn hóa Thông tin</subfield>
   <subfield code="d">H.</subfield>
   <subfield code="d">1995</subfield>
   <subfield code="g">Tập 3</subfield>
   <subfield code="h">trang 1621 - 2394</subfield>
   <subfield code="t">Từ NH đến Y</subfield>
   <subfield code="w">11197</subfield>
  </datafield>
  <datafield tag="774" ind1=" " ind2=" ">
   <subfield code="a">Nguyễn Xuân Kính</subfield>
   <subfield code="d">Nxb. Văn hóa Thông tin</subfield>
   <subfield code="d">H.</subfield>
   <subfield code="d">1995</subfield>
   <subfield code="g">Tập 2</subfield>
   <subfield code="h">trang 715 - 1620</subfield>
   <subfield code="t">Từ Đ đến NG</subfield>
   <subfield code="w">11196</subfield>
  </datafield>
  <datafield tag="OWN" ind1=" " ind2=" ">
   <subfield code="a">LSP</subfield>
  </datafield>
  <datafield tag="999" ind1=" " ind2=" ">
   <subfield code="a">From the UDN01</subfield>
  </datafield>
  <datafield tag="TYP" ind1=" " ind2=" ">
   <subfield code="a">Monograph</subfield>
  </datafield>
  <datafield tag="TYP" ind1=" " ind2=" ">
   <subfield code="a">Printed language</subfield>
  </datafield>
  <datafield tag="980" ind1=" " ind2=" ">
   <subfield code="a">Mạng thư viện Đại học Đà Nẵng</subfield>
  </datafield>
 </record>
</collection>
